Financial shock : (Record no. 46901)
[ view plain ]
| 000 -LEADER | |
|---|---|
| campo de control de longitud fija | 02071cam a22003734a 4500 |
| 003 - IDENTIFICADOR DE NÚMERO DE CONTROL | |
| campo de control | BJBSDDR |
| 005 - FECHA Y HORA DE LA ÚLTIMA TRANSACCIÓN | |
| campo de control | 20230410115730.0 |
| 007 - CAMPO FIJO DE DESCRIPCIÓN FÍSICA--INFORMACIÓN GENERAL | |
| campo de control de longitud fija | ta |
| 008 - DATOS DE LONGITUD FIJA--INFORMACIÓN GENERAL | |
| campo de control de longitud fija | 090601s2009 njua b 001 0 eng |
| 020 ## - NÚMERO INTERNACIONAL ESTÁNDAR DEL LIBRO | |
| Número Internacional Estándar del Libro | 0137016638 |
| 020 ## - NÚMERO INTERNACIONAL ESTÁNDAR DEL LIBRO | |
| Número Internacional Estándar del Libro | 9780137016631 |
| 040 ## - FUENTE DE CATALOGACIÓN | |
| Centro catalogador/agencia de origen | DLC |
| Centro/agencia transcriptor | DLC |
| Lengua de catalogación | spa |
| 041 ## - CÓDIGO DE IDIOMA | |
| Código de lengua del texto/banda sonora o título independiente | eng |
| 043 ## - CÓDIGO DE ÁREA GEOGRÁFICA | |
| Código de área geográfica | n-us--- |
| 050 14 - SIGNATURA TOPOGRÁFICA DE LA BIBLIOTECA DEL CONGRESO | |
| Número de clasificación | HG 2040.5 |
| Número de ítem | Z27fi 2009 |
| 082 00 - NÚMERO DE LA CLASIFICACIÓN DECIMAL DEWEY | |
| Número de clasificación | 332.7/220973 |
| 100 1# - ENTRADA PRINCIPAL--NOMBRE DE PERSONA | |
| Nombre de persona | Zandi, Mark M., |
| Fechas asociadas al nombre | 1959- |
| 245 10 - MENCIÓN DEL TÍTULO | |
| Título | Financial shock : |
| Resto del título | global panic and government bailouts : how we got here and what must be done to fix it / |
| Mención de responsabilidad, etc. | Mark Zandi. |
| 250 ## - MENCION DE EDICION | |
| Mención de edición | Updated ed. |
| 260 ## - PUBLICACIÓN, DISTRIBUCIÓN, ETC. | |
| Lugar de publicación, distribución, etc. | Upper Saddle River, NJ : |
| Nombre del editor, distribuidor, etc. | Pearson Education, |
| Fecha de publicación, distribución, etc. | c2009. |
| 300 ## - DESCRIPCIÓN FÍSICA | |
| Extensión | 293 p. : |
| Otras características físicas | ill. ; |
| Dimensiones | 23 cm. |
| 504 ## - NOTA DE BIBLIOGRAFÍA, ETC. | |
| Nota de bibliografía, etc. | Includes bibliographical references and index. |
| 505 0# - NOTA DE CONTENIDO CON FORMATO | |
| Nota de contenido con formato | Subprime précis -- Sizing up subprime -- Everyone should own a home -- Chairman Greenspan counts on housing -- Global money men want a piece -- Bad lenders drive out the good -- Financial engineers and their creations -- Home builders run aground -- As the regulatory cycle turns -- Boom, bubble, bust, and crash -- Credit crunch -- Timid policymakers turn bold -- Economic fallout -- Back to the future. |
| 520 ## - RESUMEN, ETC. | |
| Sumario, etc. | Examines the underlying causes of the current mortgage crisis, from irresponsible lenders and predatory speculators to home "flippers" and less-than-truthful borrowers, and provides advice for reforms and regulations which could prevent a recurrence in the future |
| 650 #0 - PUNTO DE ACCESO ADICIONAL DE MATERIA--TÉRMINO DE MATERIA | |
| Término de materia o nombre geográfico como elemento de entrada | Subprime mortgage loans |
| Subdivisión geográfica | United States. |
| 650 #0 - PUNTO DE ACCESO ADICIONAL DE MATERIA--TÉRMINO DE MATERIA | |
| Término de materia o nombre geográfico como elemento de entrada | Housing |
| Subdivisión geográfica | United States |
| Subdivisión general | Finance. |
| 650 #0 - PUNTO DE ACCESO ADICIONAL DE MATERIA--TÉRMINO DE MATERIA | |
| Término de materia o nombre geográfico como elemento de entrada | Bailouts (Government policy) |
| 650 #4 - PUNTO DE ACCESO ADICIONAL DE MATERIA--TÉRMINO DE MATERIA | |
| Término de materia o nombre geográfico como elemento de entrada | Préstamos hipotecarios subprime |
| 9 (RLIN) | 11444 |
| Subdivisión geográfica | Estados Unidos |
| 650 #4 - PUNTO DE ACCESO ADICIONAL DE MATERIA--TÉRMINO DE MATERIA | |
| Término de materia o nombre geográfico como elemento de entrada | Financiación de vivienda |
| 9 (RLIN) | 24822 |
| Subdivisión geográfica | Estados Unidos |
| 650 #4 - PUNTO DE ACCESO ADICIONAL DE MATERIA--TÉRMINO DE MATERIA | |
| Término de materia o nombre geográfico como elemento de entrada | Vivienda |
| 9 (RLIN) | 2943 |
| Subdivisión general | Financiación |
| Subdivisión geográfica | Estados Unidos |
| 906 ## - ELEMENTOS DE DATOS F LOCAL, LDF (RLIN) | |
| a | 7 |
| b | cbc |
| c | orignew |
| d | 2 |
| e | ncip |
| f | 20 |
| g | y-gencatlg |
| 942 ## - ELEMENTOS DE ENTRADA SECUNDARIOS (KOHA) | |
| Fuente del sistema de clasificación o colocación | Clasificación de Library of Congress |
| Tipo de ítem Koha | Libro |
| Estatus retirado | Estado de pérdida | Estado de daño | No para préstamo | Colección | Biblioteca de origen | Biblioteca actual | Ubicación en estantería | Fecha de adquisición | Signatura topográfica completa | Código de barras | Visto por última vez | Copia número | Tipo de ítem Koha |
|---|---|---|---|---|---|---|---|---|---|---|---|---|---|
| Ciencias Sociales | Biblioteca Juan Bosch | Biblioteca Juan Bosch | Ciencias Sociales (3er. Piso) | 10/04/2023 | HG 2040.5 Z27fi 2009 | 00000076402 | 24/10/2018 | 1 | Libro |
